000 00997nam a2200217Ia 4500
999 _c38777
_d38777
001 5126
003 GE_BSU
005 20190506104622.0
008 181216s1971||||ge |||||||||||||| ||geo||
040 _cGE_BSU
041 _ageo
080 _a631.3 შ-99
100 _aშხვაცაბაია, გ.
_9731
245 _aსასოფლო-სამეურნეო მანქანა-იარაღები ნ.2. :
_bსახელმძღვ. /
_cგ. შხვაცაბაია, შ. ოშორიძე ; რედ. ტ.ზოზრაშვილი.
264 _aთბილისი :
_bგანათლება,
_c1971.
300 _a379 გვ. :
_bილ. ;
_c27 სმ.
653 _aსასოფლო-სამეურნეო მანქანა-იარაღები
700 _aოშორიძე, მ.
_eავტორი
_9732
700 _aზოზრაშვილი, ტ.
_eრედაქტორი
_9686
942 _cBK
_2udc